Φυτοφάρμακα υγεία, περιβάλλον : μύθος και πραγματικότητα
Αποθηκεύτηκε σε:
| Άλλοι συγγραφείς: | , , |
|---|---|
| Μορφή: | Βιβλίο |
| Γλώσσα: | Greek |
| Δημοσίευση: |
Αθήνα :
Εκδόσεις Φιλιππότη,
2000.
|
| Σειρά: | Άνθρωπος - Φύση ;
8 |
| Θέματα: | |
| Ετικέτες: |
Προσθήκη ετικέτας
Δεν υπάρχουν, Καταχωρήστε ετικέτα πρώτοι!
|
MARC
| LEADER | 00000cam a2200000 i 4500 | ||
|---|---|---|---|
| 001 | 1/15331 | ||
| 008 | 010115s2000 gr | ||| |||| ||gre|| | ||
| 035 | |l 10065360 | ||
| 040 | |a GR-MyUa |b gre |e AACR2 | ||
| 041 | 0 | |a gre | |
| 082 | 7 | |a 363.7384 |2 (22) | |
| 245 | 0 | 0 | |a Φυτοφάρμακα υγεία, περιβάλλον : |b μύθος και πραγματικότητα / |c επιλογή και επιμέλεια κειμένων Ν.Σ. Μάργαρης, Μ. Θεοδωρακάκης, Η. Καϊναδάς ; πρόλογος Νίκος Δήμου. |
| 260 | |a Αθήνα : |b Εκδόσεις Φιλιππότη, |c 2000. | ||
| 300 | |a 306 σ. ; |c 22 εκ. | ||
| 490 | 1 | |a (Άνθρωπος - Φύση ; |v 8) | |
| 500 | |a Άνω του τίτλου: Τμήμα Περιβάλλοντος, Πανεπιστήμιο Αιγαίου. | ||
| 500 | |a Το παρόν βιβλίο εκδόθηκε στα πλαίσια του Επιχειρησιακού Προγράμματος Αρχικής & Επαγγελματικής Κατάρτισης (ΕΠΕΑΕΚ). Το πρόγραμμα: "Αριστοποιημένη χρήση φυτοφαρμάκων-λιπασμάτων, επιπτώσεις στο περιβάλλον και στον καταναλωτή" υλοποιήθηκε από το Τμήμα Περιβάλλοντος του Πανεπιστημίου Αιγαίου σε συνεργασία με το Γεωπονικό Πανεπιστήμιο Αθηνών, το Μπενάκειο Φυτοπαθολογικό Ινστιτούτο και το Εργαστήριο Ιατροδικαστικής & Τοξικολογίας του Α.Π.Θ. | ||
| 504 | |a Περιλαμβάνει βιβλιογραφίες. | ||
| 650 | 0 | |a Pesticides |x Environmental aspects. | |
| 650 | 0 | |a Pollution |x Environmental aspects. | |
| 650 | 0 | |a Health. | |
| 700 | 1 | |a Μάργαρης, Νίκος Σ., |d 1943-2013, |e edt | |
| 700 | 1 | |a Θεοδωρακάκης, Μάριος, |e edt | |
| 700 | 1 | |a Καϊναδάς, Ηλίας, |e edt | |
| 830 | 0 | |a Άνθρωπος - Φύση ; |v 8 | |
| 852 | |a INST |b SYROS |e 20010115 |h 363.7384 ΦΥΤ |p 005500001805 |q 005500001805 |t BK |y 0 | ||
| 901 | |a BIBL5-2001-1 | ||
| 970 | |a Κοντού |b Παρασκευή |z 15/01/2001 | ||